<?xml version="1.0" encoding="UTF-8"?>
<record
    xmlns:xsi="http://www.w3.org/2001/XMLSchema-instance"
    xsi:schemaLocation="http://www.loc.gov/MARC21/slim http://www.loc.gov/standards/marcxml/schema/MARC21slim.xsd"
    xmlns="http://www.loc.gov/MARC21/slim">

  <leader>00541nam a22001937a 4500</leader>
  <controlfield tag="005">20250729114418.0</controlfield>
  <controlfield tag="008">250729b        |||||||| |||| 00| 0 eng d</controlfield>
  <datafield tag="020" ind1=" " ind2=" ">
    <subfield code="a">978-1-285-43262-5</subfield>
  </datafield>
  <datafield tag="050" ind1=" " ind2=" ">
    <subfield code="a">HF 5415 .L36 2015</subfield>
  </datafield>
  <datafield tag="100" ind1=" " ind2=" ">
    <subfield code="a">LAMB, CHARLES W.</subfield>
  </datafield>
  <datafield tag="245" ind1=" " ind2=" ">
    <subfield code="a">MKTG </subfield>
  </datafield>
  <datafield tag="250" ind1=" " ind2=" ">
    <subfield code="a">8</subfield>
  </datafield>
  <datafield tag="260" ind1=" " ind2=" ">
    <subfield code="a">MASON, OH </subfield>
    <subfield code="b">SOUTH-WESTERN ; CENGAGE LEARNING </subfield>
    <subfield code="c">2015</subfield>
  </datafield>
  <datafield tag="300" ind1=" " ind2=" ">
    <subfield code="a">XIII,420P.:ILL</subfield>
  </datafield>
  <datafield tag="500" ind1=" " ind2=" ">
    <subfield code="a">INCLUDES BIBLIOGRAPHICAL REFERENCES AND INDEX</subfield>
  </datafield>
  <datafield tag="650" ind1=" " ind2=" ">
    <subfield code="a">MARKETING</subfield>
  </datafield>
  <datafield tag="700" ind1=" " ind2=" ">
    <subfield code="a">HAIR, JOSEPH F. </subfield>
    <subfield code="a">MCDANIEL, CARL,</subfield>
  </datafield>
  <datafield tag="942" ind1=" " ind2=" ">
    <subfield code="2">lcc</subfield>
    <subfield code="c">BK</subfield>
  </datafield>
  <datafield tag="999" ind1=" " ind2=" ">
    <subfield code="c">215971</subfield>
    <subfield code="d">215971</subfield>
  </datafield>
  <datafield tag="952" ind1=" " ind2=" ">
    <subfield code="0">0</subfield>
    <subfield code="1">0</subfield>
    <subfield code="2">lcc</subfield>
    <subfield code="4">0</subfield>
    <subfield code="6">HF5415 L36  02015</subfield>
    <subfield code="7">0</subfield>
    <subfield code="8">BUS</subfield>
    <subfield code="9">372717</subfield>
    <subfield code="a">KSUL</subfield>
    <subfield code="b">KSUL</subfield>
    <subfield code="c">DISPLAY</subfield>
    <subfield code="d">2025-07-29</subfield>
    <subfield code="i">109372</subfield>
    <subfield code="l">0</subfield>
    <subfield code="o">HF 5415 .L36 2015</subfield>
    <subfield code="p">000000024410</subfield>
    <subfield code="r">2025-07-29 11:40:30</subfield>
    <subfield code="t">1</subfield>
    <subfield code="w">2025-07-29</subfield>
    <subfield code="y">BK</subfield>
  </datafield>
  <datafield tag="952" ind1=" " ind2=" ">
    <subfield code="0">0</subfield>
    <subfield code="1">0</subfield>
    <subfield code="2">lcc</subfield>
    <subfield code="4">0</subfield>
    <subfield code="6">HF5415 L36  02015</subfield>
    <subfield code="7">0</subfield>
    <subfield code="8">BUS</subfield>
    <subfield code="9">372718</subfield>
    <subfield code="a">KSUL</subfield>
    <subfield code="b">KSUL</subfield>
    <subfield code="c">DISPLAY</subfield>
    <subfield code="d">2025-07-29</subfield>
    <subfield code="i">109373</subfield>
    <subfield code="l">0</subfield>
    <subfield code="o">HF 5415 .L36 2015</subfield>
    <subfield code="p">000000024409</subfield>
    <subfield code="r">2025-07-29 11:40:00</subfield>
    <subfield code="t">2</subfield>
    <subfield code="w">2025-07-29</subfield>
    <subfield code="y">BK</subfield>
  </datafield>
  <datafield tag="952" ind1=" " ind2=" ">
    <subfield code="0">0</subfield>
    <subfield code="1">0</subfield>
    <subfield code="2">lcc</subfield>
    <subfield code="4">0</subfield>
    <subfield code="6">HF5415 L36  02015</subfield>
    <subfield code="7">0</subfield>
    <subfield code="8">BUS</subfield>
    <subfield code="9">372719</subfield>
    <subfield code="a">KSUL</subfield>
    <subfield code="b">KSUL</subfield>
    <subfield code="c">DISPLAY</subfield>
    <subfield code="d">2025-07-29</subfield>
    <subfield code="i">109374</subfield>
    <subfield code="l">0</subfield>
    <subfield code="o">HF 5415 .L36 2015</subfield>
    <subfield code="p">000000024408</subfield>
    <subfield code="r">2025-07-29 11:40:00</subfield>
    <subfield code="t">3</subfield>
    <subfield code="w">2025-07-29</subfield>
    <subfield code="y">BK</subfield>
  </datafield>
  <datafield tag="952" ind1=" " ind2=" ">
    <subfield code="0">0</subfield>
    <subfield code="1">0</subfield>
    <subfield code="2">lcc</subfield>
    <subfield code="4">0</subfield>
    <subfield code="6">HF5415 L36  02015</subfield>
    <subfield code="7">0</subfield>
    <subfield code="8">BUS</subfield>
    <subfield code="9">372720</subfield>
    <subfield code="a">KSUL</subfield>
    <subfield code="b">KSUL</subfield>
    <subfield code="c">DISPLAY</subfield>
    <subfield code="d">2025-07-29</subfield>
    <subfield code="i">109375</subfield>
    <subfield code="l">0</subfield>
    <subfield code="o">HF 5415 .L36 2015</subfield>
    <subfield code="p">000000024395</subfield>
    <subfield code="r">2025-07-29 11:40:00</subfield>
    <subfield code="t">4</subfield>
    <subfield code="w">2025-07-29</subfield>
    <subfield code="y">BK</subfield>
  </datafield>
  <datafield tag="952" ind1=" " ind2=" ">
    <subfield code="0">0</subfield>
    <subfield code="1">0</subfield>
    <subfield code="2">lcc</subfield>
    <subfield code="4">0</subfield>
    <subfield code="6">HF5415 L36  02015</subfield>
    <subfield code="7">0</subfield>
    <subfield code="8">BUS</subfield>
    <subfield code="9">372721</subfield>
    <subfield code="a">KSUL</subfield>
    <subfield code="b">KSUL</subfield>
    <subfield code="c">DISPLAY</subfield>
    <subfield code="d">2025-07-29</subfield>
    <subfield code="i">109376</subfield>
    <subfield code="l">0</subfield>
    <subfield code="o">HF 5415 .L36 2015</subfield>
    <subfield code="p">000000024394</subfield>
    <subfield code="r">2025-07-29 11:40:00</subfield>
    <subfield code="t">5</subfield>
    <subfield code="w">2025-07-29</subfield>
    <subfield code="y">BK</subfield>
  </datafield>
  <datafield tag="952" ind1=" " ind2=" ">
    <subfield code="0">0</subfield>
    <subfield code="1">0</subfield>
    <subfield code="2">lcc</subfield>
    <subfield code="4">0</subfield>
    <subfield code="6">HF5415 L36  02015</subfield>
    <subfield code="7">0</subfield>
    <subfield code="8">BUS</subfield>
    <subfield code="9">376738</subfield>
    <subfield code="a">KSUL</subfield>
    <subfield code="b">KSUL</subfield>
    <subfield code="d">2026-04-14</subfield>
    <subfield code="i">88848</subfield>
    <subfield code="l">0</subfield>
    <subfield code="o">HF 5415 .L36 2015</subfield>
    <subfield code="p">A001454</subfield>
    <subfield code="r">2026-04-14 10:12:37</subfield>
    <subfield code="t">6</subfield>
    <subfield code="w">2026-04-14</subfield>
    <subfield code="y">BK</subfield>
  </datafield>
</record>
